GeoGuessr - US telephone area codes - Level 18 - Statistics

General Stats
  • This quiz has been taken 22 times
  • The average score is 19 of 47
Answer Stats
Hint Answer % Correct
980 North Carolina
75%
220 Ohio
75%
419 Ohio
75%
567 Ohio
75%
248 Michigan
50%
269 Michigan
50%
679 Michigan
50%
252 North Carolina
50%
743 North Carolina
50%
828 North Carolina
50%
910 North Carolina
50%
984 North Carolina
50%
234 Ohio
50%
283 Ohio
50%
330 Ohio
50%
380 Ohio
50%
440 Ohio
50%
513 Ohio
50%
614 Ohio
50%
937 Ohio
50%
215 Pennsylvania
50%
223 Pennsylvania
50%
267 Pennsylvania
50%
272 Pennsylvania
50%
484 Pennsylvania
50%
570 Pennsylvania
50%
717 Pennsylvania
50%
724 Pennsylvania
50%
231 Michigan
25%
517 Michigan
25%
586 Michigan
25%
734 Michigan
25%
810 Michigan
25%
336 North Carolina
25%
704 North Carolina
25%
919 North Carolina
25%
216 Ohio
25%
740 Ohio
25%
412 Pennsylvania
25%
610 Pennsylvania
25%
814 Pennsylvania
25%
878 Pennsylvania
25%
313 Michigan
0%
616 Michigan
0%
906 Michigan
0%
947 Michigan
0%
989 Michigan
0%
No matching quizzes found
Score Distribution
Percent of People with Each Score
Percentile by Number Answered
Your Score History
You have not taken this quiz